[Event "AUTO-OPEN-4234"]
[Site "http://www.queenalice.com/game.php?id=1634936"]
[Date "2020.12.1"]
[Round "1"]
[White "Capivarinha"]
[Black "APSHOOTER"]
[Result "1-0"]
[WhiteElo "1100"]
[BlackElo "1601"]

1. d4 d5 2. c4 e6 3. Nf3 Bb4+ 4. Nc3 h6 5. Bf4 Nc6 6. e3 Nf6 7. c5 Ne4 8. Qb3
Bxc3+ 9. bxc3 O-O 10. Bd3 a6 11. O-O g5 12. Bg3 Nxg3 13. fxg3 f5 14. g4 fxg4 15.
Ne5 Rxf1+ 16. Rxf1 Nxe5 17. dxe5 b5 18. Qd1 h5 19. Bg6 Bd7 20. Bxh5 Qe7 21. Rf6
Qxc5 22. Qd3 Be8 23. Bxe8 Rxe8 24. Qg6+ Kh8 25. Qxe8+ Kg7 26. Qf7+ 1-0

[Event "AUTO-OPEN-4234"]
[Site "http://www.queenalice.com/game.php?id=1634955"]
[Date "2020.12.1"]
[Round "1"]
[White "kuntakinte"]
[Black "Capivarinha"]
[Result "0-1"]
[WhiteElo "1763"]
[BlackElo "1100"]

1. e4 c5 2. c4 Nc6 3. Nf3 Nd4 4. b3 g6 5. Bb2 Bg7 6. e5 d6 7. a3 dxe5 8. Ra2 Bg4
9. Bxd4 exd4 10. h3 Bxf3 11. Qxf3 b6 12. d3 Nh6 13. Be2 O-O 14. O-O Qc7 15. Nd2
Rac8 16. a4 a5 17. Bd1 e6 18. Ne4 f5 19. Ng5 Qe7 20. h4 Nf7 21. Re2 e5 22. g3
Nxg5 23. hxg5 Qxg5 24. Qg2 Rce8 25. Rfe1 e4 26. Kh1 Qc1 27. Qh2 Qc3 28. dxe4 d3
29. Ra2 Qxe1+ 30. Kg2 Qxd1 31. f4 Qxb3 32. Ra1 Bxa1 33. e5 d2 0-1

[Event "AUTO-OPEN-4234"]
[Site "http://www.queenalice.com/game.php?id=1634956"]
[Date "2020.12.1"]
[Round "1"]
[White "Capivarinha"]
[Black "kuntakinte"]
[Result "1-0"]
[WhiteElo "1100"]
[BlackElo "1776"]

1. d4 d5 2. c4 c5 3. cxd5 c4 4. Nc3 Bd7 5. Bf4 Nf6 6. e4 b5 7. a4 b4 8. Na2 Qa5
9. Bxc4 Bxa4 10. Qd3 b3+ 11. Nc3 Nbd7 12. Rxa4 Qb6 13. Ra6 Qb7 14. Bb5 Qc8 15.
Nf3 g6 16. e5 Ng4 17. e6 Nf6 18. Ne5 Qb7 19. exd7+ Kd8 20. Nxf7# 1-0

[Event "AUTO-OPEN-4234"]
[Site "http://www.queenalice.com/game.php?id=1634966"]
[Date "2020.12.1"]
[Round "1"]
[White "Capivarinha"]
[Black "ivansm"]
[Result "1-0"]
[WhiteElo "1100"]
[BlackElo "2245"]

1. d4 d5 2. c4 c6 3. Nf3 Nf6 4. Nc3 Bf5 5. Bg5 Nbd7 6. e3 Qa5 7. Qb3 b6 8. Be2
Ne4 9. cxd5 Nxc3 10. bxc3 cxd5 11. O-O a6 12. c4 dxc4 13. Bxc4 e6 14. Rfc1 Be4
15. Bxe6 f6 16. Bxd7+ Kd8 17. Qe6 Be7 18. Ne5 Rf8 19. Nc6+ Bxc6 20. Qxc6 Bd6 21.
Qxd6 1-0

[Event "AUTO-OPEN-4235"]
[Site "http://www.queenalice.com/game.php?id=1635298"]
[Date "2020.12.4"]
[Round "1"]
[White "Capivarinha"]
[Black "askasl159"]
[Result "1-0"]
[WhiteElo "1100"]
[BlackElo "1766"]

1. d4 d5 2. c4 Nf6 3. Nf3 Nc6 4. Bg5 e6 5. e3 Bb4+ 6. Nc3 O-O 7. Qc2 h6 8. Bh4
Re8 9. a3 Bxc3+ 10. Qxc3 Bd7 11. Bd3 a6 12. O-O b5 13. cxb5 axb5 14. Bxf6 Qxf6
15. Bxb5 Nb8 16. Bxd7 Nxd7 17. Qxc7 Red8 18. Rfc1 Rac8 19. Qxc8 Rxc8 20. Rxc8+
Kh7 21. a4 Nb6 22. Rb8 Nd7 23. Rb7 Qd8 24. a5 Qc8 25. a6 Nb8 26. a7 Qxb7 27.
a8=Q Qxb2 28. h4 1-0

[Event "AUTO-OPEN-4235"]
[Site "http://www.queenalice.com/game.php?id=1635299"]
[Date "2020.12.4"]
[Round "1"]
[White "askasl159"]
[Black "Capivarinha"]
[Result "0-1"]
[WhiteElo "1719"]
[BlackElo "1100"]

1. e4 c5 2. Nf3 d6 3. d4 cxd4 4. Nxd4 Nf6 5. Nc3 Nc6 6. Bc4 g6 7. Nd5 Bg7 8. b3
Nxd5 9. Nxc6 bxc6 10. exd5 Bxa1 11. dxc6 Qa5+ 12. Bd2 Bc3 13. a4 Bxd2+ 14. Qxd2
Qxd2+ 15. Kxd2 a5 16. f4 Be6 17. Bxe6 fxe6 18. Re1 Rc8 19. Rxe6 Rxc6 20. c4 Rf8
21. g3 Kd7 22. Re3 Rf6 23. Kc3 Re6 24. Rf3 Re2 25. h4 d5 26. g4 dxc4 27. bxc4
Re4 28. Kb3 Rcxc4 0-1

[Event "AUTO-OPEN-4235"]
[Site "http://www.queenalice.com/game.php?id=1635301"]
[Date "2020.12.4"]
[Round "1"]
[White "worldwide"]
[Black "Capivarinha"]
[Result "0-1"]
[WhiteElo "1857"]
[BlackElo "1100"]

1. e4 c5 2. Nf3 d6 3. Bc4 Nf6 4. Ng5 e6 5. d3 d5 6. exd5 exd5 7. Bb5+ Bd7 8.
Bxd7+ Nbxd7 9. O-O Bd6 10. Re1+ Be7 11. Nf3 O-O 12. b3 Re8 13. Nc3 Qc7 14. g3 d4
15. Ne4 Nxe4 16. Rxe4 Nf6 17. Bf4 Qc6 18. Ne5 Qd5 19. Re2 Bd6 20. Qe1 Re6 21. c4
dxc3 22. Qxc3 Rae8 0-1

[Event "AUTO-OPEN-4235"]
[Site "http://www.queenalice.com/game.php?id=1635302"]
[Date "2020.12.4"]
[Round "1"]
[White "Capivarinha"]
[Black "APSHOOTER"]
[Result "1-0"]
[WhiteElo "1100"]
[BlackElo "1623"]

1. d4 g6 2. Nf3 Bg7 3. e4 b6 4. Bc4 h6 5. Nc3 Bb7 6. O-O Nf6 7. Re1 d5 8. exd5
Qd6 9. Ne5 O-O 10. Nb5 Qd8 11. Nxg6 fxg6 12. d6+ Kh7 13. dxe7 Qd7 14. exf8=N+
Bxf8 15. Re3 Bd5 16. Bd3 Nc6 17. c4 Bf7 18. Rh3 Nxd4 19. Nxd4 Be6 20. Nxe6 Qxe6
21. Bxh6 Bxh6 22. Rg3 Rg8 23. Qc2 Qe8 24. Rd1 c5 25. h4 Nh5 26. Bxg6+ 1-0

[Event "AUTO-OPEN-4235"]
[Site "http://www.queenalice.com/game.php?id=1635303"]
[Date "2020.12.4"]
[Round "1"]
[White "APSHOOTER"]
[Black "Capivarinha"]
[Result "0-1"]
[WhiteElo "1592"]
[BlackElo "1100"]

1. e4 c5 2. Bc4 Nc6 3. a3 e6 4. Nf3 Nf6 5. d3 d5 6. Bb5 Bd7 7. Bg5 dxe4 8. Bxf6
Qxf6 9. Nfd2 Bd6 10. Nxe4 Qxb2 11. Nxd6+ Ke7 12. Bxc6 Qxa1 13. Bxd7 Kxd7 14.
Nxf7 Rhf8 15. Nd2 Qxd1+ 16. Kxd1 Rxf7 17. f3 b6 18. Re1 b5 19. Ne4 Rc8 20. c4
bxc4 21. dxc4 Rb8 22. Nxc5+ Kc6 23. Nxe6 Rb1+ 24. Ke2 Rxe1+ 25. Kxe1 Re7 0-1

[Event "AUTO-OPEN-4241"]
[Site "http://www.queenalice.com/game.php?id=1637615"]
[Date "2020.12.25"]
[Round "1"]
[White "speedmaxL"]
[Black "Capivarinha"]
[Result "1-0"]
[WhiteElo "2473"]
[BlackElo "1100"]

1. e4 c5 2. Nf3 d6 3. d4 cxd4 4. Nxd4 Nc6 5. Nc3 Nf6 6. Bg5 a6 7. Qd2 e6 8.
O-O-O h6 9. Nxc6 bxc6 10. Bf4 d5 11. Qe3 Bb4 12. Be2 O-O 13. e5 Bxc3 14. Qxc3
1-0

[Event "AUTO-OPEN-4241"]
[Site "http://www.queenalice.com/game.php?id=1637616"]
[Date "2020.12.25"]
[Round "1"]
[White "Capivarinha"]
[Black "speedmaxL"]
[Result "0-1"]
[WhiteElo "1100"]
[BlackElo "2474"]

1. d4 Nf6 2. c4 g6 3. Nf3 Bg7 4. Bg5 O-O 5. Nc3 d6 6. e3 Nbd7 7. Be2 c5 8. O-O
h6 9. Bh4 g5 10. Bg3 Nh5 11. Qc2 Nxg3 12. fxg3 Nf6 13. Ne4 Nxe4 0-1

[Event "AUTO-OPEN-4241"]
[Site "http://www.queenalice.com/game.php?id=1637645"]
[Date "2020.12.25"]
[Round "1"]
[White "Capivarinha"]
[Black "vivoferreira"]
[Result "1-0"]
[WhiteElo "1100"]
[BlackElo "1502"]

1. d4 d5 2. c4 Nf6 3. Bg5 Ne4 4. Nf3 Nxg5 5. Nxg5 e6 6. Nf3 dxc4 7. e3 Nc6 8.
Bxc4 Na5 9. Qa4+ Nc6 10. Nc3 Bd7 11. Qc2 Na5 12. Bd3 g6 13. O-O Bg7 14. Rac1 O-O
15. a3 f5 16. b4 Nc6 17. Na4 Ne7 18. Nc5 Bc8 19. Bc4 Rf6 20. Ng5 b6 21. Ncxe6
Qd6 22. Nxc7+ Kh8 23. Nxa8 Bb7 24. Nf7+ Rxf7 25. Bxf7 Bxa8 26. Qc7 Qf6 27. Qd8+
Bf8 28. Qxf8+ 1-0

[Event "AUTO-OPEN-4241"]
[Site "http://www.queenalice.com/game.php?id=1637646"]
[Date "2020.12.25"]
[Round "1"]
[White "vivoferreira"]
[Black "Capivarinha"]
[Result "0-1"]
[WhiteElo "1502"]
[BlackElo "1100"]

1. e4 c5 2. d3 d6 3. Nf3 Nc6 4. Nc3 g6 5. Be3 Bg7 6. d4 cxd4 7. Nxd4 Nf6 8. Nxc6
bxc6 9. Qe2 Rb8 10. b3 Nd5 11. Rc1 Nxc3 12. Qd3 Nxa2 13. Rd1 Qa5+ 14. Bd2 Nb4
15. Bxb4 Qxb4+ 16. Rd2 Bc3 17. Be2 Bxd2+ 18. Qxd2 Qxe4 19. O-O Bf5 20. Bd3 Qd4
21. Re1 Bxd3 22. cxd3 Rxb3 23. Qa5 O-O 24. Qc7 Rb2 25. Kh1 Qxf2 26. Rg1 Rfb8 27.
h3 Rb1 0-1

[Event "AUTO-OPEN-4241"]
[Site "http://www.queenalice.com/game.php?id=1637647"]
[Date "2020.12.25"]
[Round "1"]
[White "Capivarinha"]
[Black "Jackzapo"]
[Result "0-1"]
[WhiteElo "1100"]
[BlackElo "1759"]

1. d4 Nf6 2. c4 g6 3. Bg5 Bg7 4. Nc3 O-O 5. Nf3 d6 6. e3 Re8 7. Be2 Nbd7 8. O-O
c6 9. e4 Qc7 10. Qd2 a6 11. h3 Rb8 12. e5 dxe5 0-1

[Event "AUTO-OPEN-4241"]
[Site "http://www.queenalice.com/game.php?id=1637648"]
[Date "2020.12.25"]
[Round "1"]
[White "Jackzapo"]
[Black "Capivarinha"]
[Result "1-0"]
[WhiteElo "1761"]
[BlackElo "1100"]

1. d4 Nf6 2. c4 e6 3. Nc3 Bb4 4. a3 Bxc3+ 5. bxc3 c5 6. e3 b6 7. Bd3 Bb7 8. f3
O-O 9. Nh3 Nc6 10. O-O Qc7 11. Nf2 d6 12. Re1 Ba6 13. e4 1-0